000 00446nam a22001697a 4500
005 20240613185834.0
008 240613b |||||||| |||| 00| 0 eng d
020 _a9780071602174
082 _a005.8
_bHAR-C
100 _aHarris, Shon
245 _aCISSP all-in-one exam guid /
_cShon Harris
260 _aUSA:
_bPearson;
_c2010.
300 _axiv, 1187 P. :
_bill;
_c24 cm.
500 _ainclude index.
650 _aNetworking
999 _c35937
_d35937